| 000 | 01467nac a22002771i 4500 | ||
|---|---|---|---|
| 003 | EG-ScBUE | ||
| 005 | 20231030105049.0 | ||
| 008 | 110331s1949 ua f 000 jf ara d | ||
| 040 |
_aEG-ScBUE _bara _erda _cEG-ScBUE _dEG-ScBUE |
||
| 082 | 0 | 4 |
_a892.735 _bز ي د _222 |
| 100 | 1 |
_aزيدان، جرجي، _d1861-1914، _eمؤلف. _915047 |
|
| 245 | 1 | 0 |
_aروايات جورجي زيدان / _cجورجي زيدان. |
| 264 | 1 |
_aالقاهرة : _bدار الهلال، _c1949. |
|
| 300 |
_a4 مجلدات ؛ _c18 سم. |
||
| 336 |
_2rdacontent _aنص _btxt |
||
| 337 |
_2rdamedia _aبدون وسيط _bn |
||
| 338 |
_2rdacarrier _aمجلد _bnc |
||
| 490 | 0 | _aروايات الهلال | |
| 505 | _aر17 رمضان - الحجاج بن يوسف - غادة كربلاء - شارل وعبد الرحمن - أبو مسلم الخراساني -- 11-14 ،العباسة أخت الرشيد - الأمين والمأمون - عروس فرعانة- أحمد بن طولون-- 15-18، عبد الرحمن الناصر - فتاة القيروان - فتاة غسان ،6-10 - - أرمانوسة المصرية - عذراء قريش - شجرة الدر - فتح الأندلس - صلاح الدين ومكايد الحشاشين ،1-5 | ||
| 650 | 7 |
_aالقصص العربية _yقرن 20. _2BUEsh _98441 |
|
| 650 | 7 |
_aالقصص التاريخية. _yقرن 20. _2BUEsh _913711 |
|
| 651 | _2BUEsh | ||
| 653 |
_bARALIT _cJanuary2021 |
||
| 655 | _vReading book | ||
| 942 |
_cBB _2ddc |
||
| 999 |
_c6814 _d6814 |
||